=LDR 00000nam 2200000 4500 =001 NUTBA000000000002296 =005 20140611132347.0 =006 =007 =008 =020 ##$$a 978-979-1101-61-5 =035 ##$$a 0010-061400000000239 =040 ##$$a Ind =082 ##$$a 650.1 =090 ##$$a 650.1$bBro m =100 ##$$a Brogdan, Richard r =245 ##$$a The one minute innvotion$cRichard r brogdan =250 ##$$a Cet.1 =260 ##$$a JakartaPustaka publishing$c2007. =300 ##$$a V,117 Hlm$bIlus$c21 cm. =850 ##$$a NBPDMAT =990 ##$$a 21007846 =990 ##$$a 21400613/BPAP-NTB/20142014